|
|
|
|
| LEADER |
00000cam a2200000 7i4500 |
| 001 |
0000006593 |
| 002 |
000007111 |
| 005 |
20010321.0 |
| 020 |
|
|
|a 9836233830
|
| 090 |
0 |
0 |
|a F
|b ABD
|
| 100 |
0 |
|
|a Abdul Samad Said
|
| 245 |
1 |
0 |
|a Salina
|c A. Samad Said
|
| 260 |
|
|
|a Kuala Lumpur :
|b Dewan Bahasa Dan Pustaka ,
|c 1999
|
| 300 |
|
|
|a 508p. ;
|c 20cm.
|
| 650 |
0 |
0 |
|a Malay literature
|
| 999 |
|
|
|a 039881
|b BUKU
|c PINJAMAN
|e PERPUSTAKAAN KOMUNITI PETALING JAYA
|
| 999 |
|
|
|a 039882
|b BUKU
|c PINJAMAN
|e PERPUSTAKAAN KOMUNITI PETALING JAYA
|
| 999 |
|
|
|a 066148
|b BUKU
|c PINJAMAN
|e PERPUSTAKAAN KOMUNITI PETALING JAYA
|
| 999 |
|
|
|a 066149
|b BUKU
|c PINJAMAN
|e PERPUSTAKAAN KOMUNITI PETALING JAYA
|
| 999 |
|
|
|a 079529
|b BUKU
|c FICTION
|e PERPUSTAKAAN KOMUNITI CAW KOTA DAMANSARA
|
| 999 |
|
|
|a 079530
|b BUKU
|c FICTION
|e PERPUSTAKAAN KOMUNITI CAW KOTA DAMANSARA
|
| 999 |
|
|
|a 092758
|b BUKU
|c FICTION
|e PERPUSTAKAAN KOMUNITI PETALING JAYA
|
| 999 |
|
|
|a 092759
|b BUKU
|c FICTION
|e PERPUSTAKAAN KOMUNITI PETALING JAYA
|
| 999 |
|
|
|a 092760
|b BUKU
|c FICTION
|e PERPUSTAKAAN KOMUNITI PETALING JAYA
|